Reformas al Reglamento de la Asamblea Legislativa : primer foro /

Guardat en:
Dades bibliogràfiques
Autor principal: Cañas, Alberto F.
Altres autors: Corrales Bolaños, José Miguel, Malavassi Calvo, Federico, Vargas Pagán, Carlos
Format: Text
Matèries:
Etiquetes: Afegir etiqueta
Sense etiquetes, Sigues el primer a etiquetar aquest registre!

MARC

LEADER 00000 a a2200000 04500
001 16817
003
040
100 |a Cañas, Alberto F.  
245 |a Reformas al Reglamento de la Asamblea Legislativa :   |b primer foro /  |c Alberto F. Cañas ; José Miguel Corrales Bolaños ; Federico Malavassi Calvo ; Carlos Vargas Pagán 
650 |a COSTA RICA  
650 |a ORGANOS LEGISLATIVOS  
650 |a REFORMA ADMINISTRATIVA  
650 |a LEGISLACION  
650 |a FINANCIACION DEL DEFICIT  
650 |a REFORMA TRIBUTARIA  
650 |a TLC  
650 |a INVERSIONES EXTRANJERAS  
650 |a CREACION DE EMPLEOS  
700 |a Corrales Bolaños, José Miguel  
700 |a Malavassi Calvo, Federico  
700 |a Vargas Pagán, Carlos  
773 |g volumen 11, número 2; páginas 17-78  
999 |c 29959  |d 29959